000 00373nam a22001577a 4500
003 MPLRDC
005 20220104142539.0
008 210129b ||||| |||| 00| 0 eng d
082 _a421 MYT
100 _a麦咏天编
245 _a购物小智慧
_c
260 _a
_b风采出版社
_c
300 _b
650 _a家庭经济;家庭管理
942 _cBK
_o421 MYT
999 _c31768
_d31758